| 000 | 00549nam a2200193Ia 4500 | ||
|---|---|---|---|
| 001 | 8903 | ||
| 003 | GE_BSU | ||
| 008 | 181216s||||||||xx |||||||||||||| ||und|| | ||
| 020 | _a4620002390013 | ||
| 040 | _cGE_BSU | ||
| 245 | _aВокруг света №3(2882) 2014. Март | ||
| 245 | _bжурнал русского географического общества | ||
| 245 | _cГл.ред. А. Монахов | ||
| 260 | _aМосква | ||
| 260 | _c2014 | ||
| 300 | _a172стр.24см. | ||
| 653 | _aВокруг света | ||
| 942 | _cCR | ||
| 999 |
_c42210 _d42210 |
||